00000000cam 2200000zi 4500
0019.962580
003CaOODSP
00520260604112537
006m     o  d f      
007cr cn|||||||||
008260505e202605##onc     ob   f000 0 fre d
020 |a9780660998473
040 |aCaOODSP|bfre|erda|cCaOODSP
043 |an-cn---
0861 |aFD4-52/2026F-PDF
24500|aBulletin spécial sur les risques de traite de personnes associés aux grands événements internationaux de sport et de divertissement.
264 1|aOttawa : |bCentre d'analyse des opérations et déclarations financières du Canada = Financial Transactions and Reports Analysis Centre of Canada, |cmai 2026.
264 4|c©2026
300 |a1 ressource en ligne (11 pages)
336 |atexte|btxt|2rdacontent/fre
337 |ainformatique|bc|2rdamedia/fre
338 |aressource en ligne|bcr|2rdacarrier/fre
500 |aPublié aussi en anglais sous le titre : Special bulletin on human trafficking risks associated with major international sporting and entertainment events.
500 |a« Numéro de référence : CANAFE-2026-SB003. »
504 |aComprend des références bibliographiques (pages 9-10).
520 |a« Le présent bulletin spécial fournit de l’information générale pertinente sur les opérations financières liées au blanchiment soupçonné de produits découlant de la traite de personnes dans le cadre de grands événements internationaux de sport et de divertissement, notamment aux fins d’exploitation sexuelle ou de travail forcé. Il vise à présenter aux entreprises assujetties à la Loi ainsi qu’au grand public des caractéristiques que possèdent les opérations financières réalisées ou tentées en lien avec cette activité afin de faciliter la détection, la prévention et la dissuasion »--page 1.
650 6|aTraite des êtres humains|zCanada|xPrévention.
650 6|aTravail forcé|zCanada|xPrévention.
650 6|aBlanchiment de l'argent|zCanada.
7102 |aCentre d'analyse des opérations et déclarations financières du Canada, |eorganisme de publication.
77508|tSpecial bulletin on human trafficking risks associated with major international sporting and entertainment events.|w(CaOODSP)9.962578
85640|qPDF|s360 Ko|uhttps://publications.gc.ca/collections/collection_2026/canafe-fintrac/FD4-52-2026-fra.pdf
8564 |qHTML|sS.O.|uhttps://fintrac-canafe.canada.ca/intel/bulletins/sport-fra